00507nam a22001937a 4500003000400000020001500004082001900019100002200038245004400060260005000104300001500154546001200169650001600181650002400197650002100221650001900242650002600261700002600287OSt a8131300013 a660.62bNEE/IN aNeelima Rajvaidya aIndustrial applications of microbiology aNew DelhibA P H publishing corporationc2019 aviii,262p. aEnglish aAntibiotics aPropogation of yest aMilk reservation aDairy products aGlycerol fermentation aDilip Kumar Markandey